Advanced Differential Equation (Record no. 1060)

MARC details
000 -LEADER
Fixed length control field 00539nam a2200193 4500
003 - CONTROL NUMBER IDENTIFIER
Control field SEACOMEC
005 - DATE AND TIME OF LATEST TRANSACTION
Control field 20240722154052.0
008 - FIXED-LENGTH DATA ELEMENTS--GENERAL INFORMATION
Fixed length control field 240511b |||||||| |||| 00| 0 eng d
020 ## - INTERNATIONAL STANDARD BOOK NUMBER / ISBN
Price 260.00
040 ## - CATALOGING SOURCE
Original cataloging agency SEACOMEC
082 ## - DEWEY DECIMAL CLASSIFICATION NUMBER
Classification number 515.35
Book Number R149
100 ## - MAIN ENTRY--PERSONAL NAME
Personal name Raisinghania, M. D.
245 ## - TITLE STATEMENT
Title Advanced Differential Equation
Statement of responsibility M.D. Raisinghania
250 ## - EDITION STATEMENT
Edition statement 11th ed.
260 ## - IMPRINT
Place of publication New Delhi
Name of publisher S Chand Publishing
Date of publication 2005, 2007(11th ed.)
300 ## - PHYSICAL DESCRIPTION
Dimensions 20.3 x 25.4 x 4.7 cm
650 ## - SUBJECT ADDED ENTRY--TOPICAL TERM
Topical term Mathematics - Differential equation
942 ## - ADDED ENTRY ELEMENTS (KOHA)
Koha item type Books
Holdings
Withdrawn status Lost status Source of classification Damaged status Not for loan Home library Current library Date acquired Total Checkouts Call number Accession number Date last seen Price effective from Koha item type Copy number
    Dewey Decimal Classification     SEACOM ENGINEERING COLLEGE SEACOM ENGINEERING COLLEGE 11/05/2024   515.35 R149 5421 11/05/2024 11/05/2024 Books  
    Dewey Decimal Classification     SEACOM ENGINEERING COLLEGE SEACOM ENGINEERING COLLEGE 11/05/2024   515.35 R149 5422 11/05/2024 11/05/2024 Books 1
    Dewey Decimal Classification     SEACOM ENGINEERING COLLEGE SEACOM ENGINEERING COLLEGE 06/03/2007   515.35 R149 6224 22/07/2024 22/07/2024 Books 2
    Dewey Decimal Classification     SEACOM ENGINEERING COLLEGE SEACOM ENGINEERING COLLEGE 06/03/2007   515.35 R149 6225 22/07/2024 22/07/2024 Books 3
    Dewey Decimal Classification     SEACOM ENGINEERING COLLEGE SEACOM ENGINEERING COLLEGE 06/03/2007   515.35 R149 6226 22/07/2024 22/07/2024 Books 4
    Dewey Decimal Classification     SEACOM ENGINEERING COLLEGE SEACOM ENGINEERING COLLEGE 06/03/2007   515.35 R149 6227 22/07/2024 22/07/2024 Books 5
© Seacom Engineering College, All rights reserved.      Powered by Koha